000 00794nam a2200217 a 4500
008 090323s2002 ||||||||||||||||| || u
020 _a0855984880
050 _aHG 178.33I5 Fis
100 _aFisher, Thomas
245 1 0 _aBeyond micro-credit: putting development back into micro-finance
260 _aNew Delhi:
_bVistaar Publications
_c2002
300 _a390p.: ill.
350 _a0.00
650 0 _aECONOMICS
650 _aMICROFINANCE
650 _aMICROFINANCE--INDIA
650 0 _aECONOMIC DEVELOPMENT PROJECTS--INDIA
650 0 _aECONOMIC DEVELOPMENT--AFRICA, SUB-SAHARAN
700 _aSriram, M. S
995 _D0.00
_FCBU-MAIN LIBRARY (Kitwe)
_H1
_I0.00
_M1
_UAVAILABLE
_WNov 23, 2010
_ZMain Library Open Access Collection
999 _c35798
_d35798